000 00924nam a2200289Ia 4500
003 OSt
005 20221007122225.0
006 a|||||r|||| 00| 0
007 ta
008 221006b |||||||| |||| 00| 0 eng d
020 _a8181281284 (pbk)
_c695
024 _a79922
037 _b2254, 13/12/2007, Unilib Book Distributors
_cTextual
040 _aPAPL
_cPAPL
_beng
041 _2eng
_aeng
082 _aB7, P3;1 Carpa
100 _aGreiner Walter
_9466791
245 0 _aClassical mechanics :systems of particles and hamiltonian dynamics
260 _aNew
_bYork Springer-Verlag
_c2003
300 _axx,542p.
_ccm.
490 _aClassical Theoretical Physics
500 _aIndex 537-542p
650 _a Classical mechanics
_9713742
650 _aPhysics
942 _hB7, P3;1 Carpa
_cTEXL
_2CC
999 _c1209972
_d1209972